00848nam a22002177a 450000500170000000800410001702000210005805000170007910000320009624501420012825000180027026000390028830000470032744000350037450000230040950000480043265000270048094200070050795200990051499900170061320231102151546.0130429t2011 AG A e |||| 00| 0 S d a978-950-126-0915 aLB1051 S66710aSOPRANO, Ana María, autor10aCómo evaluar el lenguaje en niños y adolescentes b : la hora de juego lingüística y otros recursosc / Ana María Soprano a1a edición. aBuenos Airesb : Paidósc , 2001 a268 páginas.b : il., tablas.c ; 22 cm. 2aEvaluación Psicológica; 90 aEducación Mixta. aIncluye: índice y bibliografía general.10aPSICOLOGÍA EDUCATIVA cLB 00102lcc4070a09b09d2013-04-04l0oLB1051 S667p09 001716r2013-04-29t1w2013-04-29yLB c89623d89623